000 00846nmm a2200301 a 4500
003 AR-BaBNM
005 20251128211534.0
008 164120s1997 ||||||||||||||000 | spa||
020 _a84-241-2609-2
040 _cAR-BaBNM
245 1 0 _aLas mil y una noches
250 _a1ª ed., 1ª reimpr.
260 _aLeón
_bEverest
_c1997
300 0 _a735 p.
_bil. col.
650 4 _aLITERATURA ARABE
650 4 _aCOSTUMBRES Y TRADICIONES
650 4 _aTRADICION ORAL
650 4 _aLITERATURA FOLKLORICA
650 4 _aLITERATURA CLASICA
655 _aLITERATURA
700 1 _aMardrús, J. C.
_etraductor
700 1 _aSanz del Valle, Eugenio
_etraductor
700 1 _aAguirre Prado, Luis
_etraductor
700 1 _aDomínguez, Alfredo
_etraductor
700 1 _aCasanovas Marqués, Luis
_eselección
942 _cBK
998 _cEugenia
999 _c20094
_d20094